01367cam a2200277 a 450000100100000000500170001000800410002702000150006804000290008305000270011208200210013924501050016024600390026525000110030426000800031530000260039550002820042150000220070363000540072565000590077971000660083891000340090404900090093895201250094799900170107200001086920200929162317.0050317s2005 xxc 001 0 eng d a9292250116 aDO-SdBNPbengcLCdBNPHU00aK3488.A41992bH36 2005 a346.04/695bH23600aHandbook of the convention on biological diversity :bincluding its Cartagena protocol on biosafety.30aConvention on Biological Diversity a3a ed. aMontréal :bSecretariat of the Convention on Biological Diversity,c2005. axl, 1493 p. ;c24 cm. a"Se ha actualizado para incluir los resultados de la 7ª reunión de la Conferencia de las Partes en la Convención y la 1ª reunión de la Conferencia de las Partes que actúa como reunión de las Partes en el Protocolo de Cartagena sobre Seguridad de la Biotecnología" aIncluye índice.00aConvention on Biological Diversityd(1992)926205 0aBiodiversity conservationxLaw and legislation.9262061 aSecretariat of the Convention on Biological Diversity.926207 aCatalogación por copia / LC aBNGR 001052708MOaGRbGRcCTd2009-10-12iLF1l0o346.04/695 H236p10869-10r2020-06-25w2020-06-25y2ZPréstamo interno c10618d10618